| 000 | 00614nam a2200193Ia 4500 | ||
|---|---|---|---|
| 999 |
_c7752 _d7752 |
||
| 003 | OSt | ||
| 005 | 20200128142513.0 | ||
| 008 | 190216s9999||||xx |||||||||||||| ||und|| | ||
| 020 | _a9780070077935 | ||
| 040 | _coclc | ||
| 082 |
_a332.67 _bCHA/P |
||
| 100 |
_a Chandra, Prasanna _91069 |
||
| 245 | 0 |
_aProjects : planning, analysis, selection, financing, implementation and review / _cPrasanna Chandra |
|
| 250 | _a7th ed. | ||
| 260 |
_bTata Mcgraw Hill Publishing Company Ltd, _c2011. _aNew Delhi: |
||
| 300 | _a599p | ||
| 650 | _aProject | ||
| 942 |
_cBK _2ddc _h332.67 _iCHA/P _k332.67 _mCHA/P |
||